[Event "Mittelfranken Landesliga Sued 2223"]
[Site "Mittelfranken"]
[Date "2023.04.23"]
[Round "9.7"]
[White "Vaccaroni, Juan Manuel"]
[Black "Vuckovic, Robert"]
[Result "0-1"]
[WhiteElo "1957"]
[BlackElo "1997"]
[PlyCount "70"]
[EventDate "2022.10.09"]
[EventType "team-tourn"]
[EventRounds "9"]
[EventCountry "GER"]
[SourceTitle "EXT 2024"]
[Source "ChessBase"]
[SourceDate "2023.10.10"]
[SourceVersion "1"]
[SourceVersionDate "2023.10.10"]
[SourceQuality "1"]
[WhiteTeam "Neuburg"]
[BlackTeam "Augsburg SF"]
[WhiteTeamCountry "GER"]
[BlackTeamCountry "GER"]

1. e4 c5 2. Nf3 e6 3. d4 cxd4 4. Nxd4 Nf6 5. Nc3 Nc6 6. Nxc6 bxc6 7. Bd3 d5 8. 0-0 Be7 9. e5 Nd7 10. Re1 Nc5 11. Bf1 0-0 12. b4 Nd7 13. a3 f6 14. exf6 Bxf6 15. Bb2 Be5 16. Rxe5 Nxe5 17. Na4 Qg5 18. Be2 Ng6 19. Bf1 e5 20. Qc1 Nf4 21. Kh1 Qh5 22. Qe3 d4 23. Qb3+ Be6 24. Qg3 Ne2 25. Bxe2 Qxe2 26. f3 Rf6 27. Re1 Qxc2 28. Qxe5 Qxa4 29. Qxd4 Qb3 30. h3 Rg6 31. Re5 Qc2 32. g4 Qc4 33. Qe3 Rf8 34. f4 Qf1+ 35. Kh2 Qxf4+ 0-1

[Event "GER-chT U20"]
[Site "Kiel"]
[Date "2022.07.26"]
[Round "7.4"]
[White "Weigand, Anton"]
[Black "Vuckovic, Robert"]
[Result "1/2-1/2"]
[WhiteElo "1919"]
[BlackElo "1845"]
[PlyCount "113"]
[EventDate "2022.07.22"]
[EventType "team-swiss"]
[EventRounds "7"]
[EventCountry "GER"]
[SourceTitle "CBM 209 Extra"]
[Source "ChessBase"]
[SourceDate "2022.09.30"]
[SourceVersion "1"]
[SourceVersionDate "2022.09.30"]
[SourceQuality "1"]
[WhiteTeam "Lehrte"]
[BlackTeam "Augsburg"]
[WhiteTeamCountry "GER"]
[BlackTeamCountry "GER"]

1. e4 c5 2. c3 d5 3. exd5 Qxd5 4. d4 g6 5. Nf3 Bg7 6. Nbd2 cxd4 7. Bc4 Qh5 8. Qb3 Nh6 9. Nxd4 0-0 10. N2f3 a6 11. 0-0 e5 12. Ne2 Nc6 13. Bd5 Nf5 14. h3 Nh4 15. Ng3 Nxf3+ 16. Bxf3 Qh4 17. Ne4 h6 18. Nd6 Qe7 19. Rd1 Rd8 20. Ne4 Be6 21. Qb6 Rxd1+ 22. Bxd1 Rd8 23. Bb3 Bxb3 24. Qxb3 Na5 25. Qc2 f5 26. Nd2 Kh7 27. b3 Qd6 28. Nf1 e4 29. Bb2 Nc6 30. c4 Nd4 31. Bxd4 Bxd4 32. Re1 Bc5 33. Ne3 Qd2 34. Re2 Qxc2 35. Rxc2 Bxe3 36. fxe3 Rd3 37. Kf2 g5 38. g3 Kg6 39. Ke2 f4 40. gxf4 gxf4 41. exf4 Rxh3 42. Rc1 Kf5 43. Rf1 h5 44. Rg1 Kxf4 45. Rg7 Rh2+ 46. Kf1 Rxa2 47. Rxb7 Kf3 48. Rf7+ Ke3 49. Rh7 Ra5 50. b4 Rf5+ 51. Ke1 Kd4 52. c5 Kc4 53. Rb7 h4 54. c6 Rf8 55. Rh7 Rc8 56. Rxh4 Kd3 57. Rh6 1/2-1/2

[Event "GER-chT U20"]
[Site "Willingen"]
[Date "2021.06.26"]
[Round "6"]
[White "Vuckovic, Robert"]
[Black "Glinzner, Alva"]
[Result "1/2-1/2"]
[WhiteElo "1827"]
[BlackElo "1855"]
[PlyCount "124"]
[EventDate "2021.06.24"]
[EventType "team-swiss"]
[EventRounds "7"]
[EventCountry "GER"]
[SourceTitle "CBM 203 Extra"]
[Source "ChessBase"]
[SourceDate "2021.09.30"]
[SourceVersion "1"]
[SourceVersionDate "2021.09.30"]
[SourceQuality "1"]
[WhiteTeam "Augsburg"]
[BlackTeam "Luebeck"]
[WhiteTeamCountry "GER"]
[BlackTeamCountry "GER"]

1. e4 c6 2. d4 d5 3. e5 Bf5 4. h4 h6 5. g4 Bd7 6. Be3 e6 7. Nd2 c5 8. dxc5 Nc6 9. Ngf3 Qc7 10. Bg2 Nxe5 11. Nxe5 Qxe5 12. 0-0 Ne7 13. c3 h5 14. Nf3 Qe4 15. g5 Qg4 16. Re1 Bc6 17. Ne5 Qxh4 18. Qf3 Nf5 19. g6 f6 20. Nxc6 bxc6 21. Qxf5 exf5 22. Bg5+ Qe4 23. Bxe4 fxe4 24. Be3 f5 25. Kh2 Rb8 26. b4 Be7 27. Bd4 Rg8 28. Rg1 Kd7 29. a3 Ke6 30. f3 Bf6 31. fxe4 dxe4 32. Kg3 Be5+ 33. Kh4 Bf6+ 34. Kg3 Be5+ 35. Kh4 Rh8 36. Raf1 Rbf8 37. Rd1 Rd8 38. Kg5 Bf6+ 39. Bxf6 gxf6+ 40. Kf4 Rhg8 41. Rd6+ Rxd6 42. cxd6 e3 43. Rg3 Kxd6 44. Rxe3 Rxg6 45. Kxf5 Rh6 46. c4 h4 47. Rd3+ Kc7 48. Rh3 Kb6 49. Ke6 a5 50. Kf5 a4 51. Ke6 Rg6 52. Rxh4 Rg3 53. Rh8 Rxa3 54. Ra8 Re3+ 55. Kxf6 a3 56. Ra5 Rb3 57. c5+ Kb7 58. Ke5 Kc7 59. Ra7+ Kb8 60. Ra4 Kc7 61. Ra7+ Kb8 62. Ra4 Kc7 1/2-1/2

[Event "GER-chT U20"]
[Site "Braunschweig"]
[Date "2019.12.29"]
[Round "6.5"]
[White "Vuckovic, Robert"]
[Black "Wiesner, Alexander"]
[Result "0-1"]
[WhiteElo "1897"]
[BlackElo "1960"]
[PlyCount "78"]
[EventDate "2019.12.27"]
[EventType "team-swiss"]
[EventRounds "7"]
[EventCountry "GER"]
[SourceTitle "CBM 194 Extra"]
[Source "ChessBase"]
[SourceDate "2020.03.31"]
[SourceVersion "1"]
[SourceVersionDate "2020.03.31"]
[SourceQuality "1"]
[WhiteTeam "Augsburg"]
[BlackTeam "Karlsruhe SF"]
[WhiteTeamCountry "GER"]
[BlackTeamCountry "GER"]

1. e4 c5 2. Nc3 g6 3. g3 Bg7 4. d3 Nc6 5. Be3 b6 6. Bg2 Bb7 7. Qd2 d6 8. f4 e6 9. Nf3 Nge7 10. 0-0 d5 11. Bf2 dxe4 12. Nxe4 Bxb2 13. Rab1 Bg7 14. Nxc5 Bc8 15. Ne4 0-0 16. h3 Qc7 17. Rfe1 Bb7 18. g4 Nd5 19. g5 Qxf4 20. Qe2 Nc3 21. Nxc3 Bxc3 22. Rf1 Ne7 23. Be3 Qg3 24. Rb3 Be5 25. d4 Bf4 26. Bxf4 Qxf4 27. c3 Qg3 28. Rf2 Bxf3 29. Rxf3 Qxg5 30. Rb5 Qh4 31. Re5 Rac8 32. Re4 Qg5 33. Qe1 Nf5 34. h4 Qd8 35. Rg4 h5 36. Rg5 Kh7 37. Bh3 Qc7 38. Bxf5 exf5 39. Qd2 f4 0-1

[Event "Bayernliga U20 1819"]
[Site "Bayern"]
[Date "2018.12.08"]
[Round "2.3"]
[White "Vuckovic, Robert"]
[Black "Stoeckl, Maximilian"]
[Result "1/2-1/2"]
[WhiteElo "1880"]
[BlackElo "1708"]
[PlyCount "107"]
[EventDate "2018.11.17"]
[EventType "team-tourn"]
[EventRounds "6"]
[EventCountry "GER"]
[SourceTitle "EXT 2022"]
[Source "ChessBase"]
[SourceDate "2021.10.06"]
[SourceVersion "1"]
[SourceVersionDate "2021.10.06"]
[SourceQuality "1"]
[WhiteTeam "Augsburg SF U20"]
[BlackTeam "Schwandorf U20"]
[WhiteTeamCountry "GER"]
[BlackTeamCountry "GER"]

1. e4 c5 2. Nc3 g6 3. d3 Bg7 4. Be3 d6 5. Qd2 Nc6 6. g3 e6 7. Bg2 Rb8 8. f4 Nge7 9. Nf3 Nd4 10. Nd1 b5 11. c3 Nxf3+ 12. Bxf3 Qc7 13. d4 Bb7 14. 0-0 a5 15. g4 f5 16. gxf5 exf5 17. e5 dxe5 18. dxe5 0-0 19. Bxb7 Rxb7 20. Qf2 Rc8 21. Rc1 c4 22. Bd4 Nd5 23. Ne3 Rd8 24. Rcd1 Qc6 25. Rfe1 Qe6 26. Bb6 Qxb6 27. Rxd5 Rbd7 28. Red1 Qc6 29. Rxd7 Rxd7 30. Rxd7 Qxd7 31. Qf3 Bf8 32. Qd5+ Qxd5 33. Nxd5 Bc5+ 34. Kg2 Kf7 35. Kf3 h6 36. h4 Ba7 37. Nc7 b4 38. Nb5 Bc5 39. Nd4 bxc3 40. bxc3 Bb6 41. Nc2 a4 42. Ne3 Ba5 43. h5 Bxc3 44. hxg6+ Kxg6 45. Nxc4 Kf7 46. Nb6 a3 47. Nc4 Bb2 48. Kg3 Bc1 49. Kf3 h5 50. Ne3 Ke6 51. Ng2 Bb2 52. Kg3 Bxe5 53. fxe5 Kxe5 54. Kf3 1/2-1/2

[Event "Regionalliga Sued-West 1819"]
[Site "Bayern"]
[Date "2018.11.11"]
[Round "2.5"]
[White "Vuckovic, Robert"]
[Black "Mueller, Lukas1111"]
[Result "0-1"]
[WhiteElo "1880"]
[BlackElo "2015"]
[PlyCount "72"]
[EventDate "2018.10.21"]
[EventType "team-tourn"]
[EventRounds "9"]
[EventCountry "GER"]
[SourceTitle "EXT 2022"]
[Source "ChessBase"]
[SourceDate "2021.10.06"]
[SourceVersion "1"]
[SourceVersionDate "2021.10.06"]
[SourceQuality "1"]
[WhiteTeam "Augsburg SF"]
[BlackTeam "Zugzwang MSA II"]
[WhiteTeamCountry "GER"]
[BlackTeamCountry "GER"]

1. e4 d6 2. d4 Nf6 3. Nc3 e5 4. dxe5 dxe5 5. Qxd8+ Kxd8 6. Bg5 Be6 7. 0-0-0+ Nbd7 8. Nf3 Kc8 9. Bh4 Bb4 10. Nd5 Nxd5 11. exd5 Bg4 12. c3 Bd6 13. Be2 f6 14. Nd4 Bxe2 15. Nxe2 b5 16. g4 Kb7 17. Bg3 h5 18. h3 g5 19. Kc2 f5 20. gxf5 h4 21. Bh2 Rhf8 22. Rhg1 Rxf5 23. Rg2 Raf8 24. Bg1 Nf6 25. b4 Rg8 26. Rd3 e4 27. Re3 g4 28. hxg4 Rf3 29. Nd4 Nxd5 30. Nxb5 Nxe3+ 31. fxe3 Bg3 32. Nd4 Rxg4 33. Kd1 Rf1+ 34. Ke2 Re1+ 35. Kd2 Ra1 36. a4 Be1+ 0-1

[Event "Bayernliga U20 1718"]
[Site "Bayern"]
[Date "2018.03.10"]
[Round "6.6"]
[White "Vuckovic, Robert"]
[Black "Bruell, Elias"]
[Result "0-1"]
[WhiteElo "1824"]
[BlackElo "1800"]
[PlyCount "114"]
[EventDate "2017.11.18"]
[EventType "team-tourn"]
[EventRounds "7"]
[EventCountry "GER"]
[SourceTitle "EXT 2022"]
[Source "ChessBase"]
[SourceDate "2021.10.06"]
[SourceVersion "1"]
[SourceVersionDate "2021.10.06"]
[SourceQuality "1"]
[WhiteTeam "Augsburg SF U20"]
[BlackTeam "Regensburg Bavaria U20"]
[WhiteTeamCountry "GER"]
[BlackTeamCountry "GER"]

1. e4 c5 2. Nc3 Nc6 3. d3 e6 4. g3 g6 5. Bg2 Bg7 6. Be3 d6 7. Qd2 Rb8 8. f4 Nge7 9. Nf3 b5 10. 0-0 Qb6 11. h3 a5 12. g4 b4 13. Nd1 a4 14. c3 a3 15. b3 Ba6 16. Rc1 bxc3 17. Nxc3 Nb4 18. Ne1 Nec6 19. e5 Nd4 20. exd6 Rc8 21. d7+ Kxd7 22. Na4 Qd6 23. Kh1 Nd5 24. Bxd5 exd5 25. Qa5 Ne2 26. Rxc5 Ng3+ 27. Kg1 Nxf1 28. Rxd5 Nxe3 29. Rxd6+ Kxd6 30. Qxa6+ Rc6 31. Qa7 Nd5 32. Qf2 Rhc8 33. d4 Rc1 34. Nc5 Rxe1+ 35. Qxe1 Bxd4+ 36. Kh2 Rxc5 37. Qe4 Bg7 38. f5 Be5+ 39. Kg1 g5 40. Qd3 Rc6 41. b4 Bb2 42. Qg3+ Ke7 43. Qd3 Nf4 44. Qe3+ Kf6 45. h4 h6 46. hxg5+ hxg5 47. Qd2 Kg7 48. b5 Rc3 49. b6 Rg3+ 50. Kf1 Rf3+ 51. Kg1 Rd3 52. Qc2 Bd4+ 53. Kf1 Rf3+ 54. Ke1 Bc3+ 55. Qxc3+ Rxc3 56. b7 Rc1+ 57. Kd2 Rb1 0-1

[Event "GER-chT U16"]
[Site "Walldorf"]
[Date "2017.12.29"]
[Round "5.2"]
[White "Vuckovic, Robert"]
[Black "Biermann, Lenhard"]
[Result "1-0"]
[WhiteElo "1780"]
[BlackElo "1946"]
[PlyCount "89"]
[EventDate "2017.12.26"]
[EventType "team-swiss"]
[EventRounds "7"]
[EventCountry "GER"]
[SourceTitle "CBM 182 Extra"]
[Source "ChessBase"]
[SourceDate "2018.02.23"]
[SourceVersion "1"]
[SourceVersionDate "2018.02.23"]
[SourceQuality "1"]
[WhiteTeam "Augsburg"]
[BlackTeam "Bochum"]
[WhiteTeamCountry "GER"]
[BlackTeamCountry "GER"]

1. e4 e6 2. d4 d5 3. Nd2 h6 4. exd5 exd5 5. Bd3 Nc6 6. c3 Bd6 7. Qf3 Be6 8. Ne2 Qd7 9. h3 0-0-0 10. Nb3 Nge7 11. Bf4 Ng6 12. Bxd6 cxd6 13. g4 f5 14. 0-0-0 Nh4 15. Qg3 g5 16. f3 Rhf8 17. Nf4 Bg8 18. Ng2 Nxg2 19. Qxg2 Bh7 20. h4 fxg4 21. Bxh7 Qxh7 22. Qxg4+ Qf5 23. hxg5 hxg5 24. Rh5 Kc7 25. Rxg5 Qxf3 26. Qxf3 Rxf3 27. Rxd5 Rg8 28. Nd2 Rf6 29. Rh5 Rg7 30. Rdh1 a6 31. Rh7 Rfg6 32. Rxg7+ Rxg7 33. Rh2 b5 34. Ne4 Ne7 35. Rh6 Nc8 36. Nf6 Kc6 37. d5+ Kc5 38. Rh4 Rg1+ 39. Kc2 Rg2+ 40. Kb3 Nb6 41. Rd4 b4 42. Ne4+ Kb5 43. Nxd6+ Kc5 44. Nb7+ Kb5 45. Rxb4# 1-0

[Event "Bayernliga U20 1617"]
[Site "Bayern"]
[Date "2017.01.21"]
[Round "5.4"]
[White "Vuckovic, Robert"]
[Black "Kocak, Ediz"]
[Result "0-1"]
[WhiteElo "1729"]
[BlackElo "1773"]
[PlyCount "68"]
[EventDate "2016.11.12"]
[EventType "team-tourn"]
[EventRounds "7"]
[EventCountry "GER"]
[SourceTitle "EXT 2022"]
[Source "ChessBase"]
[SourceDate "2021.10.06"]
[SourceVersion "1"]
[SourceVersionDate "2021.10.06"]
[SourceQuality "1"]
[WhiteTeam "Augsburg SF U20"]
[BlackTeam "Nuernberg Sued SW U20"]
[WhiteTeamCountry "GER"]
[BlackTeamCountry "GER"]

1. e4 b6 2. Nf3 Bb7 3. Nc3 e6 4. d4 Bb4 5. Bd3 Nf6 6. Qe2 d5 7. Nd2 dxe4 8. Bxe4 Nxe4 9. Ncxe4 Bxd2+ 10. Bxd2 Qxd4 11. Nc3 0-0 12. 0-0-0 Qf6 13. h4 Bxg2 14. Ne4 Qf3 15. Qxf3 Bxf3 16. Rde1 Bxh1 17. Rxh1 Nc6 18. Bc3 f6 19. h5 h6 20. Rg1 Kf7 21. Nd2 Rad8 22. Nf3 Rd5 23. Rh1 Rfd8 24. b3 Rf5 25. Rh3 Rdd5 26. Rg3 Rxh5 27. Rg2 Rh1+ 28. Kb2 b5 29. a3 a5 30. b4 a4 31. Ng1 Rg5 32. Rxg5 fxg5 33. Ne2 Rf1 34. Bd4 Re1 0-1

[Event "GER-ch U25 op-B"]
[Site "Oberhof"]
[Date "2013.05.22"]
[Round "6"]
[White "Eggert, Daniela"]
[Black "Vuckovic, Robert"]
[Result "1-0"]
[WhiteElo "1241"]
[BlackElo "944"]
[PlyCount "111"]
[EventDate "2013.05.19"]
[EventType "swiss"]
[EventRounds "9"]
[EventCountry "GER"]
[SourceTitle "CBM 154 Extra"]
[Source "ChessBase"]
[SourceDate "2013.06.25"]
[SourceVersion "2"]
[SourceVersionDate "2013.06.25"]
[SourceQuality "1"]

1. e4 e6 2. d4 d5 3. exd5 exd5 4. Nc3 c6 5. a3 Bd6 6. Nf3 Bg4 7. Be2 Ne7 8. 0-0 Qc7 9. g3 Bh3 10. Re1 0-0 11. Ng5 Qc8 12. Nxh3 Nd7 13. Bf4 Bxf4 14. Nxf4 Ng6 15. Qd2 Nf6 16. Nxg6 fxg6 17. Bf1 Rf7 18. Re2 Qg4 19. Rae1 Rff8 20. Re3 Rae8 21. Rxe8 Rxe8 22. Rxe8+ Nxe8 23. Qe2 Qd7 24. Bh3 Qd8 25. Qe6+ Kf8 26. Qd7 Qxd7 27. Bxd7 Nd6 28. Kg2 Ke7 29. Bg4 h5 30. Be2 Nf5 31. Bd3 Nxd4 32. Bxg6 Kf6 33. Bd3 g5 34. Ne2 Ne6 35. Kf3 g4+ 36. Ke3 Ke5 37. Bg6 Ng7 38. Nf4 c5 39. Bxh5 Nf5+ 40. Kd2 Nh6 41. Nd3+ Kd4 42. c3+ Kc4 43. b4 b6 44. Ne5+ Kb3 45. Bxg4 Nxg4 46. Nxg4 Kxa3 47. h4 cxb4 48. cxb4 Kxb4 49. h5 a5 50. h6 Ka3 51. h7 a4 52. h8Q b5 53. Qc3+ Ka2 54. Kc2 a3 55. Qb3+ Ka1 56. Qxa3# 1-0

[Event "GER-ch U25 op-B"]
[Site "Oberhof"]
[Date "2013.05.20"]
[Round "3"]
[White "Vuckovic, Robert"]
[Black "Gazizov, Erik"]
[Result "1-0"]
[WhiteElo "944"]
[BlackElo "722"]
[PlyCount "89"]
[EventDate "2013.05.19"]
[EventType "swiss"]
[EventRounds "9"]
[EventCountry "GER"]
[SourceTitle "CBM 154 Extra"]
[Source "ChessBase"]
[SourceDate "2013.06.25"]
[SourceVersion "2"]
[SourceVersionDate "2013.06.25"]
[SourceQuality "1"]

1. e4 c5 2. Nc3 Nc6 3. f4 g6 4. Nf3 Bg7 5. Bc4 e6 6. e5 Nge7 7. d3 f5 8. exf6 Bxf6 9. Ne4 0-0 10. Nxc5 a6 11. d4 b5 12. Be2 d6 13. Ne4 d5 14. Nc5 Qd6 15. Be3 Rb8 16. g4 Bg7 17. Qd2 a5 18. f5 exf5 19. Bf4 Qf6 20. Bxb8 fxg4 21. Ne5 Nxb8 22. 0-0-0 b4 23. Rdf1 Nf5 24. Nxg4 Qb6 25. Na4 Qd6 26. Bd3 Nxd4 27. Rxf8+ Bxf8 28. Be2 Bf5 29. Qxd4 Bg7 30. Qe3 Nc6 31. Qe8+ Bf8 32. Nh6+ Kh8 33. Nf7+ Kg7 34. Nxd6 Bxd6 35. Qxc6 Be5 36. Qxd5 Bc7 37. Rd1 Kh6 38. Qd4 Bxh2 39. Qh4+ Kg7 40. Qxh2 h5 41. Rg1 Kh6 42. Bxh5 gxh5 43. Qf4+ Kh7 44. Qxf5+ Kh8 45. Qxh5# 1-0

[Event "GER-ch U25 op-B"]
[Site "Oberhof"]
[Date "2013.05.19"]
[Round "1"]
[White "Vuckovic, Robert"]
[Black "Thumm, Niklas"]
[Result "0-1"]
[WhiteElo "944"]
[BlackElo "1330"]
[PlyCount "46"]
[EventDate "2013.05.19"]
[EventType "swiss"]
[EventRounds "9"]
[EventCountry "GER"]
[SourceTitle "CBM 154 Extra"]
[Source "ChessBase"]
[SourceDate "2013.06.25"]
[SourceVersion "2"]
[SourceVersionDate "2013.06.25"]
[SourceQuality "1"]

1. e4 e5 2. Nf3 Nc6 3. Bc4 Bc5 4. c3 Nf6 5. b4 Bb6 6. Qb3 0-0 7. d3 a5 8. Qa3 d5 9. exd5 Nxd5 10. 0-0 Bg4 11. Bg5 Nf6 12. Nbd2 axb4 13. Qb2 bxc3 14. Qxc3 Nd4 15. Bxf6 Qxf6 16. Ne4 Qh6 17. Qb2 Bxf3 18. gxf3 Nxf3+ 19. Kg2 Nh4+ 20. Kh1 Bd4 21. Qd2 Qh5 22. Ng3 Qf3+ 23. Kg1 Qg2# 0-1

[Event "GER-ch U25 op-B"]
[Site "Oberhof"]
[Date "2012.06.02"]
[Round "9"]
[White "Gazizov, Erik"]
[Black "Vuckovic, Robert"]
[Result "0-1"]
[WhiteElo "747"]
[BlackElo "1081"]
[PlyCount "60"]
[EventDate "2012.05.27"]
[EventType "swiss"]
[EventRounds "9"]
[EventCountry "GER"]
[SourceTitle "CBM 148 Extra"]
[Source "ChessBase"]
[SourceDate "2012.06.22"]
[SourceVersion "1"]
[SourceVersionDate "2012.06.22"]
[SourceQuality "1"]

1. e4 e6 2. d4 d5 3. exd5 exd5 4. Nc3 c6 5. Nf3 Bd6 6. Bg5 f6 7. Bxf6 Qxf6 8. g3 Ne7 9. Bg2 0-0 10. 0-0 Bg4 11. Re1 Bxf3 12. Qxf3 Qxf3 13. Bxf3 Rxf3 14. Ne4 dxe4 15. Rxe4 Nd7 16. Kg2 Raf8 17. Re2 c5 18. c3 b5 19. Rd1 Nb6 20. b3 a5 21. a3 Rxc3 22. b4 axb4 23. axb4 cxb4 24. Re3 Rc2 25. Rde1 Rfxf2+ 26. Kg1 Ned5 27. Re6 Bc7 28. Rc1 Nc4 29. Rc6 b3 30. Rxc4 b2 0-1

[Event "GER-ch U25 op-B"]
[Site "Oberhof"]
[Date "2012.05.29"]
[Round "5"]
[White "Bossert, Felix"]
[Black "Vuckovic, Robert"]
[Result "1-0"]
[WhiteElo "1284"]
[BlackElo "1081"]
[PlyCount "85"]
[EventDate "2012.05.27"]
[EventType "swiss"]
[EventRounds "9"]
[EventCountry "GER"]
[SourceTitle "CBM 148 Extra"]
[Source "ChessBase"]
[SourceDate "2012.06.22"]
[SourceVersion "1"]
[SourceVersionDate "2012.06.22"]
[SourceQuality "1"]

1. d4 e6 2. c4 d5 3. Nf3 c5 4. g3 Nc6 5. Bg2 Qb6 6. e3 Nge7 7. Nc3 Bd7 8. 0-0 Rd8 9. Na4 Qa6 10. Nxc5 Qxc4 11. Nxb7 Nf5 12. Nxd8 Nxd8 13. Ne5 Qc7 14. Nxd7 Qxd7 15. Qb3 Bd6 16. Bd2 0-0 17. Bb4 Bxb4 18. Qxb4 Nc6 19. Qc3 a5 20. Rfb1 Qb7 21. a3 Qb6 22. b4 a4 23. Qc5 Qa6 24. Bf1 Qa8 25. b5 Na5 26. Ra2 Nb3 27. Qb4 g6 28. Bd3 Ng7 29. Bc2 Rb8 30. Bxb3 Ne8 31. Bxa4 Nc7 32. Rc1 Na6 33. Qa5 Rc8 34. Rxc8+ Qxc8 35. Rc2 Qb7 36. Qxa6 Qe7 37. b6 Qxa3 38. b7 Qb4 39. Rc8+ Kg7 40. b8Q Qe1+ 41. Qf1 Qa5 42. Qe5+ Kh6 43. Qh3# 1-0

[Event "GER-ch U25 op-B"]
[Site "Oberhof"]
[Date "2012.05.29"]
[Round "4"]
[White "Vuckovic, Robert"]
[Black "Hageresch, Leon"]
[Result "0-1"]
[WhiteElo "1081"]
[BlackElo "1371"]
[PlyCount "144"]
[EventDate "2012.05.27"]
[EventType "swiss"]
[EventRounds "9"]
[EventCountry "GER"]
[SourceTitle "CBM 148 Extra"]
[Source "ChessBase"]
[SourceDate "2012.06.22"]
[SourceVersion "1"]
[SourceVersionDate "2012.06.22"]
[SourceQuality "1"]

1. e4 Nf6 2. Nc3 d5 3. e5 Nfd7 4. Nf3 e6 5. d4 c5 6. Nb5 a6 7. Nd6+ Bxd6 8. exd6 cxd4 9. Nxd4 Nf6 10. Bf4 0-0 11. Be2 Re8 12. Be5 Nbd7 13. Bg3 e5 14. Nf5 Nb6 15. Bg4 Bxf5 16. Bxf5 Qxd6 17. 0-0 Qc7 18. Re1 g6 19. Bh3 Re7 20. Bh4 Kg7 21. Qf3 Qc6 22. Re2 e4 23. Qa3 Ree8 24. b4 Nh5 25. Qb2+ Kg8 26. f3 Nf4 27. Rf2 e3 28. Rff1 Nxh3+ 29. gxh3 Rac8 30. Bg5 Qc3 31. Qxc3 Rxc3 32. Bf6 Rxc2 33. Bd4 Nc4 34. Rfe1 Nd2 35. Kg2 Nb3+ 36. Kg3 Nxa1 37. Bxa1 Rxa2 38. f4 e2 39. Be5 Rd8 40. Kf3 d4 41. Rxe2 Rxe2 42. Kxe2 d3+ 43. Kd2 Kf8 44. h4 Ke7 45. h5 f6 46. Bc7 Rd7 47. Ba5 g5 48. fxg5 fxg5 49. h3 Ke6 50. b5 axb5 51. Ke3 d2 52. Bxd2 Rxd2 53. Kxd2 Kf5 54. Kc3 Kf4 55. Kd4 Kg3 56. Ke5 Kxh3 57. Kf5 b4 58. Kxg5 b3 59. Kh6 Kh4 60. Kxh7 Kxh5 61. Kg7 b2 62. Kf6 b1Q 63. Ke6 Qb5 64. Kd6 Kg4 65. Ke6 Kf4 66. Kf6 Qc6+ 67. Ke7 Kf5 68. Kd8 b5 69. Ke7 b4 70. Kd8 Qb7 71. Ke8 Ke6 72. Kf8 Qf7# 0-1

[Event "GER-ch U25 op-B"]
[Site "Oberhof"]
[Date "2012.05.28"]
[Round "3"]
[White "Neumann, Tiemon"]
[Black "Vuckovic, Robert"]
[Result "0-1"]
[WhiteElo "1382"]
[BlackElo "1081"]
[PlyCount "108"]
[EventDate "2012.05.27"]
[EventType "swiss"]
[EventRounds "9"]
[EventCountry "GER"]
[SourceTitle "CBM 148 Extra"]
[Source "ChessBase"]
[SourceDate "2012.06.22"]
[SourceVersion "1"]
[SourceVersionDate "2012.06.22"]
[SourceQuality "1"]

1. e4 e6 2. d4 d5 3. exd5 exd5 4. c4 c6 5. Nc3 Be6 6. Qb3 Nf6 7. cxd5 cxd5 8. Qxb7 Nbd7 9. Nb5 Rc8 10. Bf4 Bb4+ 11. Kd1 0-0 12. Bc7 Qe7 13. a3 Bg4+ 14. Kc2 Bf5+ 15. Kb3 Ba5 16. Bxa5 Nc5+ 17. dxc5 Qxb7 18. Ka2 Bc2 19. Rc1 Rxc5 20. Ka1 Rb8 21. Bb4 Rc6 22. Nd4 Rcc8 23. Rxc2 Rxc2 24. Nxc2 a5 25. Nf3 axb4 26. Nxb4 Ne4 27. Ba6 Qb6 28. Rc1 Qg6 29. Ne5 Qb6 30. Nf3 g6 31. Ne5 Qxf2 32. Rf1 Qxg2 33. Rxf7 Nc5 34. Rf6 Nxa6 35. Rxa6 d4 36. Nec6 Rf8 37. Ne7+ Kh8 38. Nbd5 Qe2 39. Rc6 d3 40. Rxg6 hxg6 41. Nxg6+ Kg7 42. Nxf8 Kxf8 43. Nc3 d2 44. Nxe2 d1Q+ 45. Ka2 Qxe2 46. h4 Qc4+ 47. Ka1 Qxh4 48. Ka2 Qc4+ 49. Ka1 Ke7 50. Kb1 Kd6 51. Ka1 Kc5 52. Kb1 Kb5 53. Ka1 Ka4 54. b3+ Kxb3 0-1